| 000 | 00555nam a22001577a 4500 | ||
|---|---|---|---|
| 003 | OSt | ||
| 005 | 20151102102747.0 | ||
| 008 | 151102b xxu||||| |||| 00| 0 eng d | ||
| 040 | _cRUA | ||
| 082 | _aFOR លឹម 1993 B118 Or.1 | ||
| 100 |
_93173 _aលឹម គួង |
||
| 245 | _aសុវុឌ្ឍិកម្មព្រៃដាំដុះនៅស្ថានីយ៍ដាំឈើស្រុកបាភ្នំ ខេត្តព្រៃវែង | ||
| 260 |
_aPhnom Penh _bRUA _c1993 |
||
| 300 |
_a79p. _bill. _c29cm. |
||
| 942 |
_2ddc _cFOR |
||
| 999 |
_c2961 _d2961 |
||